000 00784nam a2200265Ia 4500
003 OSt
005 20220918202448.0
006 a|||||r|||| 00| 0
007 ta
008 220917b |||||||| |||| 00| 0 eng d
024 _a101,403
037 _cTextual
040 _aARTS
_cARTS
_beng
041 _2eng
_aeng
082 _aV243:(U42), M3
100 _aOberai A S
_9103864
245 0 _aCauses and consequences of Internal migration
_b A study in the Indian Punjab
260 _aDelhi
_bOxford University Press
_c1983
300 _axxiii, 434p.
_ccm.
500 _aBibliography p417--428
650 _aHISTORY
700 _a Manmohan Singh H K
_9103865
942 _hV243:(U42), M3
_cTEXL
_2CC
999 _c224884
_d224884